| 000 | 00520nam a2200217Ia 4500 | ||
|---|---|---|---|
| 003 | 0100 | ||
| 008 | 130303s9999 xx 000 0 und d | ||
| 020 | _a60682388 | ||
| 040 | _cARRUPELIB | ||
| 050 | _aBV210.2.T4371993 | ||
| 100 | _aTeresa, Mother | ||
| 245 | _aSeeking the heart of God | ||
| 245 | _breflections on prayer | ||
| 260 | _aSan Francisco | ||
| 260 | _bHarper | ||
| 260 | _C1993 | ||
| 300 | _a100 p. | ||
| 300 | _b19cm | ||
| 700 | _aMother Teresa and Brother Roger , Roger, Frere | ||
| 942 | 0 | 0 | _01 |
| 999 |
_c16438 _d16438 |
||